Équipes-types de la Ligue des Champions : 2013 - Statistiques

Statistiques générales
  • Ce quiz a été pris 827 fois
  • Le résultat moyen est 9 sur 11
Statistiques - réponses
Réponse Hint % Correct
Ailier gauche Cristiano Ronaldo Réal Madrid
98%
Défenseur central Sergio Ramos Réal Madrid
97%
Milieu Xavi FC Barcelone
97%
Ailier droit Arjen Robben Bayern Munich
94%
Latéral droit Philipp Lahm Bayern Munich
94%
Buteur Robert Lewandowski Borussia Dortmund
93%
Défenseur central Mats Hummels Borussia Dortmund
85%
Milieu Thomas Muller Bayern Munich
70%
Latéral gauche David Alaba Bayern Munich
68%
Milieu Bastian Schweinsteiger Bayern Munich
55%
Gardien Roman Weidenfeller Borussia Dortmund
42%
Aucun quiz correspondant
Distribution des résultats
% des personnes avec chaque résultat
Percentile par nombre de réponses
Votre historique - résultats
Vous n’avez pas pris ce quiz